Rubber bonding (Record no. 67496)

MARC details
000 -LEADER
fixed length control field 00253nam a2200109Ia 4500
100 ## - MAIN ENTRY--AUTHOR NAME
Personal name Buist J M
245 #0 - TITLE STATEMENT
Title Rubber bonding
260 ## - PUBLICATION, DISTRIBUTION, ETC. (IMPRINT)
Name of publisher IRI Transactions
Year of publication 1950
700 ## - ADDED ENTRY--PERSONAL NAME
Personal name Naunton W J S
942 ## - ADDED ENTRY ELEMENTS (KOHA)
Koha item type Journals
Holdings
Withdrawn status Lost status Damaged status Not for loan Home library Current library Shelving location Date acquired Serial Enumeration / chronology Koha item type
      Journals RRII Library RRII Library Rubber chemistry 17/12/2021 Volume 25, Issue 6 Journals